Tríos míticos #1 - Estadísticas

Estadísticas generales
  • Esta prueba ha sido intentada 39 veces
  • La puntuación promedio es 25 de 36
Estadísticas de respuestas
Imagen Respuesta % Correcto
Bob
100%
Bob Esponja
100%
Harry Potter
100%
Leo Messi
100%
Pato Donald
100%
Calamardo
97%
Mickey Mouse
97%
Neymar
97%
Alvin
92%
Pocoyo
92%
Goofy
86%
Patricio Estrella
86%
Hermione Granger
84%
Luis Suarez
84%
Burbuja
81%
Charmander
78%
Ron Weasley
78%
Stephen Curry
73%
Cactus
70%
Pato
70%
Petalo
68%
Squirtle
68%
Bulbasaur
65%
Klay Thompson
51%
Ed
46%
Edd
46%
Eddy
46%
Jessie
46%
Meowth
46%
Teodoro
46%
James
43%
Draymond Green
38%
Stuart
38%
Simon
35%
Elly
32%
Kevin
32%
No se encontraron pruebas coincidentes
Distribución de puntuación
Porcentaje de gente con cada puntuación
Porcentaje por número respondido
Historial de tus puntuaciones
No has intentado esta prueba.